Vitroplastia /
Clase demostrativa del Ingeniero Gustavo Nicoletta acerca de la vitroplastía, el arte de armar equipos o unidades de vidrio para laboratorio. Si bien esta disciplina data de miles de años atrás, la aplicación en el armado de vidrio de laboratorio es menos antigua, ya que aparece con la necesidad o e...
Guardado en:
| Autor Principal: | |
|---|---|
| Autores Corporativos: | , |
| Formato: | |
| Publicado: |
Bahía Blanca,
2007.
|
| Materias: | |
| Etiquetas: |
Agregar Etiqueta
Sin Etiquetas, Sea el primero en etiquetar este registro!
|
| LEADER | 01373ngm a22002175g 4500 | ||
|---|---|---|---|
| 001 | CEM.cems023864 | ||
| 008 | 130507s2007####ag############0###0#####d | ||
| 005 | 20250711141046.0 | ||
| 245 | 1 | 0 | |a Vitroplastia / |c Gustavo Nicoletta. |
| 260 | |a Bahía Blanca, |c 2007. | ||
| 300 | |a 43'. | ||
| 500 | |a Consultar en ventanilla. | ||
| 520 | |a Clase demostrativa del Ingeniero Gustavo Nicoletta acerca de la vitroplastía, el arte de armar equipos o unidades de vidrio para laboratorio. Si bien esta disciplina data de miles de años atrás, la aplicación en el armado de vidrio de laboratorio es menos antigua, ya que aparece con la necesidad o el requerimiento que tienen las ciencias químicas en contar con dispositivos específicos para el desarrollo y la investigación que lleva adelante dicha ciencia. La clase se llevó a cabo en el laboratorio de Química de las Escuelas Medias de la Universidad Nacional del Sur y fue registrada por el Departamento de Recursos Didácticos. | ||
| 538 | |a Soporte: DVD - Formato: DVD - Resolución: 720 x 480- 29.97fps - Grabación DRD | ||
| 100 | 1 | |a Nicoletta, Gustavo | |
| 710 | 2 | |a Escuelas Medias de la Universidad Nacional del Sur. | |
| 710 | 2 | |a Departamento de Recursos Didácticos. | |
| 082 | 7 | 4 | |/ NIC |
| 653 | |a VITROPLASTÍA | ||
| 653 | |a REGISTRO DE CLASE | ||
| 859 | |a CEMS |b BIB. CEMS - Depto. Recursos Didacticos |h 748 |i NIC |k DRD |p 2507.15 |t Ej.1 | ||
